Normal view MARC view
  • Wood, Allen J

Entry Personal Name

Number of records used in: 8

001 - CONTROL NUMBER

  • control field: 83298

003 - CONTROL NUMBER IDENTIFIER

  • control field: NUST

005 - DATE AND TIME OF LATEST TRANSACTION

  • control field: 20211020160426.0

008 - FIXED-LENGTH DATA ELEMENTS

  • fixed length control field: 211020|| aca||aabn | a|a d

040 ## - CATALOGING SOURCE

  • Original cataloging agency: NUST
  • Transcribing agency: NUST

100 ## - HEADING--PERSONAL NAME

  • Personal name: Wood, Allen J

670 ## - SOURCE DATA FOUND

  • Source citation: Work cat.: (NUST)32748: Wood, Allen J., Power generation, operation, and control /, c1984.
© 2023 Central Library, National University of Sciences and Technology. All Rights Reserved.